<?xml version="1.0" encoding="UTF-8"?>
<record
    xmlns:xsi="http://www.w3.org/2001/XMLSchema-instance"
    xsi:schemaLocation="http://www.loc.gov/MARC21/slim http://www.loc.gov/standards/marcxml/schema/MARC21slim.xsd"
    xmlns="http://www.loc.gov/MARC21/slim">

  <leader>02062nam a22003017a 4500</leader>
  <controlfield tag="001">8519</controlfield>
  <controlfield tag="003">FISKH</controlfield>
  <controlfield tag="005">20250917111509.0</controlfield>
  <controlfield tag="008">250917b        cb ||||| |||| 00| 0 eng d</controlfield>
  <datafield tag="020" ind1=" " ind2=" ">
    <subfield code="a">9789996301728</subfield>
  </datafield>
  <datafield tag="040" ind1=" " ind2=" ">
    <subfield code="a">FISKH</subfield>
    <subfield code="b">khr</subfield>
    <subfield code="c">FISKH</subfield>
    <subfield code="d">FISKH</subfield>
  </datafield>
  <datafield tag="050" ind1=" " ind2=" ">
    <subfield code="a">PZ7</subfield>
  </datafield>
  <datafield tag="100" ind1=" " ind2=" ">
    <subfield code="a">Son, Ven</subfield>
  </datafield>
  <datafield tag="245" ind1=" " ind2=" ">
    <subfield code="a">&#x1792;&#x17D2;&#x179C;&#x17BE;&#x1794;&#x17BB;&#x178E;&#x17D2;&#x1799;&#x1791;&#x17B6;&#x1793;&#x17CB;&#x1781;&#x17C2;&#x1797;&#x17D2;&#x179B;&#x17B8; :</subfield>
    <subfield code="c">Grateful acts to be made to parents when they are still alive /</subfield>
  </datafield>
  <datafield tag="260" ind1=" " ind2=" ">
    <subfield code="a">Phnom Penh : </subfield>
    <subfield code="b">Reading Books , </subfield>
    <subfield code="c">2012.</subfield>
  </datafield>
  <datafield tag="300" ind1=" " ind2=" ">
    <subfield code="a">24 pages : </subfield>
    <subfield code="b">color illustrations ; </subfield>
    <subfield code="c">25 cm .</subfield>
  </datafield>
  <datafield tag="490" ind1=" " ind2=" ">
    <subfield code="a">&#x1796;&#x17B7;&#x1797;&#x1796;&#x179A;&#x17BF;&#x1784;&#x1793;&#x17B7;&#x1791;&#x17B6;&#x1793;</subfield>
  </datafield>
  <datafield tag="505" ind1=" " ind2=" ">
    <subfield code="a">M 
</subfield>
  </datafield>
  <datafield tag="520" ind1=" " ind2=" ">
    <subfield code="a">&#x1792;&#x17D2;&#x179C;&#x17BE;&#x1794;&#x17BB;&#x178E;&#x17D2;&#x1799;&#x1791;&#x17B6;&#x1793;&#x17CB;&#x1781;&#x17C2;&#x1797;&#x17D2;&#x179B;&#x17BA; &#x1798;&#x17B6;&#x1793;&#x1793;&#x17D0;&#x1799;&#x1790;&#x17B6; &#x1792;&#x17D2;&#x179C;&#x17BE;&#x1794;&#x17BB;&#x178E;&#x17D2;&#x1799;&#x1787;&#x17BC;&#x1793; &#x1794;&#x17BB;&#x1796;&#x17D2;&#x179C;&#x1780;&#x17B6;&#x179A;&#x17B8; &#x1798;&#x17B6;&#x1793;&#x17AA;&#x1796;&#x17BB;&#x1780;&#x1798;&#x17D2;&#x178A;&#x17B6;&#x1799; &#x1787;&#x17B8;&#x178A;&#x17BC;&#x1793;&#x1787;&#x17B8;&#x178F;&#x17B6; &#x1782;&#x17D2;&#x179A;&#x17BC;&#x1794;&#x17B6;&#x1792;&#x17D2;&#x1799;&#x17B6;&#x1799; &#x1787;&#x17B6;&#x178A;&#x17BE;&#x1798; &#x1791;&#x17B6;&#x1793;&#x17CB;&#x179B;&#x17C4;&#x1780;&#x1793;&#x17C5;&#x1798;&#x17B6;&#x1793;&#x1787;&#x17B8;&#x179C;&#x17B7;&#x178F;&#x179A;&#x179F;&#x17CB; &#x1780;&#x17BB;&#x17C6;&#x1785;&#x17B6;&#x17C6;&#x178A;&#x179B;&#x17CB;&#x1782;&#x17B6;&#x178F;&#x17CB;&#x179F;&#x17D2;&#x179B;&#x17B6;&#x1794;&#x17CB;&#x1791;&#x17C5; &#x1791;&#x17BE;&#x1794;&#x1792;&#x17D2;&#x179C;&#x17BE;&#x1794;&#x17BB;&#x178E;&#x17D2;&#x1799;&#x17A7;&#x1791;&#x17D2;&#x1791;&#x17B7;&#x179F; (&#x1794;&#x17BB;&#x178E;&#x17D2;&#x1799;&#x1781;&#x17C2;&#x1784;&#x1784;&#x17B9;&#x178F;) &#x17B1;&#x17D2;&#x1799;&#x1782;&#x17B6;&#x178F;&#x17CB; &#x178A;&#x17D2;&#x1794;&#x17B7;&#x178F;&#x1799;&#x17BE;&#x1784;&#x1798;&#x17B7;&#x1793;&#x17A2;&#x17B6;&#x1785;&#x178A;&#x17B9;&#x1784;&#x1785;&#x17D2;&#x1794;&#x17B6;&#x179F;&#x17CB;&#x1790;&#x17B6; &#x1796;&#x17BD;&#x1780;&#x1782;&#x17B6;&#x178F;&#x17CB;&#x1796;&#x17B7;&#x178F;&#x1787;&#x17B6;&#x1791;&#x1791;&#x17BD;&#x179B;&#x1794;&#x17B6;&#x1793;&#x17AC;&#x17A2;&#x178F;&#x17CB;&#x1791;&#x17C1;&#x17D4;</subfield>
  </datafield>
  <datafield tag="520" ind1=" " ind2=" ">
    <subfield code="a">&#x178C;oing merit while the month is still bright" (&#x1792;&#x17D2;&#x179C;&#x17BE;&#x1794;&#x17BB;&#x178E;&#x17D2;&#x1799;&#x1791;&#x17B6;&#x1793;&#x17CB;&#x1781;&#x17C2;&#x1797;&#x17D2;&#x179B;&#x17BA;) means making offerings or showing gratitude to one&#x2019;s parents, grandparents, teachers, and benefactors while they are still alive &#x2014; rather than waiting until after they pass away to dedicate merit to them (which is called dark-month merit or posthumous merit).</subfield>
  </datafield>
  <datafield tag="521" ind1="8" ind2=" ">
    <subfield code="a">550 
</subfield>
    <subfield code="b">Lexile estimate 
</subfield>
  </datafield>
  <datafield tag="521" ind1="8" ind2=" ">
    <subfield code="a">M 
</subfield>
    <subfield code="b">Raz-Plus 
</subfield>
  </datafield>
  <datafield tag="650" ind1=" " ind2=" ">
    <subfield code="a">&#x1792;&#x17D2;&#x179C;&#x17BE;&#x1794;&#x17BB;&#x178E;&#x17D2;&#x1799;&#x1791;&#x17B6;&#x1793;&#x17CB;&#x1781;&#x17C2;&#x1797;&#x17D2;&#x179B;&#x17BA;</subfield>
    <subfield code="v">&#x179A;&#x17BF;&#x1784;&#x1793;&#x17B7;&#x1791;&#x17B6;&#x1793;&#x1780;&#x17BB;&#x1798;&#x17B6;&#x179A;</subfield>
  </datafield>
  <datafield tag="650" ind1=" " ind2=" ">
    <subfield code="a">Grateful acts to be made to parents when they are still alive </subfield>
    <subfield code="v">Children's stories </subfield>
  </datafield>
  <datafield tag="700" ind1=" " ind2=" ">
    <subfield code="a">Saren, Koam </subfield>
    <subfield code="e">Illustrator </subfield>
  </datafield>
  <datafield tag="942" ind1=" " ind2=" ">
    <subfield code="2">ddc</subfield>
    <subfield code="c">KHB</subfield>
    <subfield code="n">0</subfield>
  </datafield>
  <datafield tag="999" ind1=" " ind2=" ">
    <subfield code="c">8519</subfield>
    <subfield code="d">8519</subfield>
  </datafield>
  <datafield tag="952" ind1=" " ind2=" ">
    <subfield code="0">0</subfield>
    <subfield code="1">0</subfield>
    <subfield code="2">ddc</subfield>
    <subfield code="4">0</subfield>
    <subfield code="7">0</subfield>
    <subfield code="8">Khmer-English Bilingual </subfield>
    <subfield code="a">002</subfield>
    <subfield code="b">002</subfield>
    <subfield code="c">TTP Khmer</subfield>
    <subfield code="d">2025-09-17</subfield>
    <subfield code="l">0</subfield>
    <subfield code="o">SON PZ7</subfield>
    <subfield code="p">FIS04981</subfield>
    <subfield code="r">2025-09-17 11:15:00</subfield>
    <subfield code="t">1</subfield>
    <subfield code="w">2025-09-17</subfield>
    <subfield code="y">KHB</subfield>
  </datafield>
  <datafield tag="952" ind1=" " ind2=" ">
    <subfield code="0">0</subfield>
    <subfield code="1">0</subfield>
    <subfield code="2">ddc</subfield>
    <subfield code="4">0</subfield>
    <subfield code="7">0</subfield>
    <subfield code="8">Khmer-English Bilingual </subfield>
    <subfield code="a">002</subfield>
    <subfield code="b">002</subfield>
    <subfield code="c">TTP Khmer</subfield>
    <subfield code="d">2026-04-09</subfield>
    <subfield code="l">0</subfield>
    <subfield code="o">SON PZ7</subfield>
    <subfield code="p">2026-0493</subfield>
    <subfield code="r">2026-04-09 15:18:52</subfield>
    <subfield code="t">2</subfield>
    <subfield code="w">2026-04-09</subfield>
    <subfield code="y">KHB</subfield>
  </datafield>
</record>
